Charaktere in Filmen (leichtere Edition) #02 - Statistiken

Allgemein
  • Dieses Quiz wurde 679 mal gespielt
    678 seit der letzten Aktualisierung
  • Das Durchschnittsergebnis liegt bei 17 aus 25
Antwortstatistiken
Hint Antwort % Korrekt
Olaf, der Schneemann Die Eiskönigin – Völlig unverfroren
99%
Han Solo Star Wars
92%
Legolas Der Herr der Ringe
88%
Groot Guardians of the Galaxy
88%
Tony Stark Iron Man
88%
Romeo Montague Romeo und Julia
83%
Tigger Winnie Puh
79%
Baghira Das Dschungelbuch
78%
Michael Myers Halloween
78%
Elizabeth Swann Fluch der Karibik
76%
Bruce Wayne The Dark Knight
75%
Gilderoy Lockhart Harry Potter und die Kammer des Schreckens
74%
Clark Kent Superman Returns
72%
Schlafmütz Schneewittchen und die sieben Zwerge
69%
Hans-Peter Kerkeling Der Junge muss an die frische Luft
66%
Maximus Decimus Meridius Gladiator
62%
Annika Settergren Pippi Langstrumpf
56%
Dr. Henry Walton Jones Jr. Indiana Jones
54%
Data Star Trek
51%
Dr. Emmett Brown Zurück in die Zukunft
51%
Dr. Ian Malcolm Jurassic Park
49%
William Wallace Braveheart
46%
Dr. King Schultz Django Unchained
44%
Hector Troja
44%
Der schwarze Müllermeister im Koselbruch Krabat
43%
Keine übereinstimmenden Quizze gefunden
Verteilung der Resultate
Anzahl Personen mit jedem Resultat
Perzentil nach korrekt beantworteten Fragen
Ihre Resultats-Entwicklung
Sie haben dieses Quiz seit der letzten Aktualisierung nicht gespielt